Обработка радиолокационных сигналов и приборы при дистационном зондировании: межвузовский сборник научных трудов

Dades bibliogràfiques
Autor corporatiu: Уральский политехнический институт им. С. М. Кирова
Altres autors: Калмыков А. А. Алексей Андреевич (редактор)
Idioma:rus
Publicat: Свердловск, УПИ, 1988
Matèries:
Format: MixedMaterials Llibre
KOHA link:https://koha.lib.tpu.ru/cgi-bin/koha/opac-detail.pl?biblionumber=110087

MARC

LEADER 00000nam0a2200000 4500
001 110087
005 20231031120315.0
020 |a RU  |b 90-10030 
035 |a (RuTPU)RU\TPU\book\118887 
090 |a 110087 
100 |a 20070219d1988 m a0rusy5003 ca 
101 0 |a rus 
102 |a RU 
105 |a a z 001zy 
200 1 |a Обработка радиолокационных сигналов и приборы при дистационном зондировании  |e межвузовский сборник научных трудов  |f Уральский политехнический институт ; под ред. А. А. Калмыкова 
210 |a Свердловск  |c УПИ  |d 1988 
215 |a 146 с.  |c ил. 
320 |a Библиография в конце статей 
610 1 |a обработка 
610 1 |a радиолокационные сигналы 
610 1 |a приборы 
610 1 |a дистанционное зондирование 
610 1 |a сборники 
675 |a 621.396.96  |v 3 
702 1 |a Калмыков  |b А. А.  |g Алексей Андреевич  |4 340 
712 0 2 |a Уральский политехнический институт им. С. М. Кирова  |c (Свердловск)  |2 stltpush  |3 (RuTPU)RU\TPU\col\1982 
801 0 |a RU  |b RuMRKP  |c 19960705  |g psbo 
801 1 |a RU  |b 63413507  |c 20070219  |g PSBO 
801 2 |a RU  |b 63413507  |c 20080326  |g PSBO 
942 |c BK